Jól takarékoskodnak megyénk iskoláiban
Elmentve itt :
| Szerző: | |
|---|---|
| Dokumentumtípus: | Cikk |
| Megjelent: |
1962-12-23
|
| Sorozat: | Délmagyarország
52 No. 300 |
| Kulcsszavak: | Oktatás közoktatás 1962, Gazdaság takarékosság takarékbélyeg, nevelés, oktatás |
| Online Access: | http://dmarchiv.bibl.u-szeged.hu/73301 |
| LEADER | 00532nab a2200157 i 4500 | ||
|---|---|---|---|
| 001 | delm73301 | ||
| 005 | 20180928082638.0 | ||
| 008 | 180928s1962 hu o 0|| hun d | ||
| 040 | |a SZTE Délmagyarország Archívum |b hun | ||
| 041 | |a hun | ||
| 100 | 1 | |a Farkas Lujza | |
| 245 | 1 | 0 | |a Jól takarékoskodnak megyénk iskoláiban |h [elektronikus dokumentum] / |c Farkas Lujza |
| 260 | |c 1962-12-23 | ||
| 300 | |a 3 | ||
| 490 | 0 | |a Délmagyarország |v 52 No. 300 | |
| 695 | |a Oktatás közoktatás 1962, Gazdaság takarékosság takarékbélyeg, nevelés, oktatás | ||